[Event "Guernsey op 43rd"]
[Site "Vale"]
[Date "2017.10.19"]
[Round "5"]
[White "Dijksterhuis, Rolf"]
[Black "Bakker, Joop"]
[Result "0-1"]
[WhiteElo "1955"]
[BlackElo "1853"]
[PlyCount "124"]
[EventDate "2017.10.15"]
[EventType "swiss"]
[EventRounds "7"]
[EventCountry "GCI"]
[SourceTitle "CBM 181 Extra"]
[Source "ChessBase"]
[SourceDate "2017.12.12"]
[SourceVersion "1"]
[SourceVersionDate "2017.12.12"]
[SourceQuality "1"]

1. d4 d6 2. e4 Nf6 3. Nc3 c6 4. Nf3 Bg4 5. Be2 e6 6. h3 Bxf3 7. Bxf3 d5 8. 0-0 Be7 9. exd5 exd5 10. Re1 0-0 11. Bg5 Nbd7 12. Ne2 h6 13. Bh4 Re8 14. Qd3 Ne4 15. Bxe7 Rxe7 16. Bxe4 dxe4 17. Qb3 Nf6 18. Rad1 Qb6 19. Qxb6 axb6 20. a3 Rae8 21. Ng3 g6 22. c4 Rd7 23. Re3 Rde7 24. Rde1 Kf8 25. Kf1 Re6 26. a4 Ra8 27. b3 Rae8 28. R1e2 h5 29. h4 R8e7 30. Ke1 Ke8 31. f3 exf3 32. Rxe6 Rxe6 33. Rxe6+ fxe6 34. gxf3 Nd7 35. Kd2 Ke7 36. Ne4 e5 37. d5 cxd5 38. cxd5 Nf6 39. Ke3 Nxd5+ 40. Kd3 Kd7 41. Ng5 Nf4+ 42. Ke4 Ng2 43. Kxe5 Nxh4 44. Kf6 Kc6 45. b4 Kd5 46. f4 Kc4 47. a5 b5 48. Ne4 Ng2 49. Nd6+ Kxb4 50. Nxb7 Nxf4 51. Ke5 Nd3+ 52. Kd4 Nc5 53. Nxc5 Kxa5 54. Kc3 h4 55. Ne4 b4+ 56. Kb3 Kb5 57. Ng5 Kc5 58. Nh3 Kd4 59. Kxb4 Ke4 60. Kc4 Kf3 61. Kd4 Kg3 62. Ng5 h3 0-1

[Event "Jersey op"]
[Site "St Clement Bay"]
[Date "2017.04.05"]
[Round "6"]
[White "Bakker, Joop"]
[Black "Belzo, Krzysztof"]
[Result "0-1"]
[WhiteElo "1870"]
[BlackElo "2059"]
[PlyCount "60"]
[EventDate "2017.04.01"]
[EventType "swiss"]
[EventRounds "9"]
[EventCountry "GCI"]
[SourceTitle "CBM 177 Extra"]
[Source "ChessBase"]
[SourceDate "2017.04.27"]
[SourceVersion "1"]
[SourceVersionDate "2017.04.27"]
[SourceQuality "1"]

1. e4 c5 2. Ne2 Nc6 3. Nbc3 Nf6 4. g3 d5 5. exd5 Nxd5 6. Bg2 Nc7 7. 0-0 Nd4 8. Nxd4 cxd4 9. Ne2 d3 10. cxd3 Qxd3 11. Nf4 Qb5 12. b3 Bd7 13. Re1 0-0-0 14. Bb2 f6 15. a4 Qb6 16. a5 Qa6 17. Qc2 Kb8 18. Rac1 Rc8 19. Bf1 Qxa5 20. Bc3 Qb6 21. Ra1 e5 22. Ne2 Nd5 23. Qb2 Nxc3 24. Nxc3 Bc5 25. Ne4 Bd4 26. Qa3 Bxa1 27. Rxa1 Rc2 28. Qe7 Qd4 29. Re1 Rhc8 30. Nd6 Rxd2 0-1

[Event "Jersey op"]
[Site "St Clement Bay"]
[Date "2017.04.02"]
[Round "2"]
[White "Kirby, Peter J"]
[Black "Bakker, Joop"]
[Result "1-0"]
[WhiteElo "1985"]
[BlackElo "1870"]
[PlyCount "121"]
[EventDate "2017.04.01"]
[EventType "swiss"]
[EventRounds "9"]
[EventCountry "GCI"]
[SourceTitle "CBM 177 Extra"]
[Source "ChessBase"]
[SourceDate "2017.04.27"]
[SourceVersion "1"]
[SourceVersionDate "2017.04.27"]
[SourceQuality "1"]

1. c4 e6 2. g3 d5 3. Bg2 c5 4. Nf3 Nc6 5. cxd5 exd5 6. d4 Nf6 7. 0-0 Be7 8. Nc3 0-0 9. dxc5 Bxc5 10. Na4 Be7 11. Be3 Re8 12. Rc1 Be6 13. Bc5 Ne4 14. Bxe7 Qxe7 15. Nd4 Bd7 16. e3 Nxd4 17. Qxd4 Bc6 18. Nc3 Red8 19. Rfd1 a6 20. a3 h6 21. Na2 a5 22. Nc3 Nc5 23. Nxd5 Bxd5 24. Qxc5 Qxc5 25. Rxc5 Bxg2 26. Rxd8+ Rxd8 27. Kxg2 b6 28. Rc6 b5 29. Rc5 Rb8 30. b4 axb4 31. axb4 Kf8 32. Rc7 Rb6 33. Kf3 Rf6+ 34. Ke2 Ke8 35. Rc5 Rb6 36. Kd3 Kd7 37. Kd4 Kd6 38. e4 f6 39. f4 Rb7 40. g4 g6 41. e5+ fxe5+ 42. fxe5+ Ke7 43. Rc6 Rd7+ 44. Kc5 Rd2 45. Rxg6 Rxh2 46. Kxb5 h5 47. Rh6 h4 48. g5 Re2 49. Rxh4 Rxe5+ 50. Kc6 Rxg5 51. Rd4 Re5 52. Kc7 Rg5 53. Re4+ Kf6 54. Kc6 Kf5 55. Re8 Rg6+ 56. Kc5 Rg1 57. b5 Rc1+ 58. Kb6 Rb1 59. Kc6 Kf6 60. b6 Kf7 61. Re5 1-0

[Event "Guernsey op 42nd"]
[Site "Vale"]
[Date "2016.10.19"]
[Round "4"]
[White "Staples, Maurice J"]
[Black "Bakker, Joop"]
[Result "1-0"]
[WhiteElo "1994"]
[BlackElo "1868"]
[PlyCount "55"]
[EventDate "2016.10.16"]
[EventType "swiss"]
[EventRounds "7"]
[EventCountry "GCI"]
[SourceTitle "CBM 175 Extra"]
[Source "ChessBase"]
[SourceDate "2016.12.12"]
[SourceVersion "1"]
[SourceVersionDate "2016.12.12"]
[SourceQuality "1"]

1. e4 d5 2. Nc3 dxe4 3. Nxe4 Qd5 4. Nc3 Qa5 5. Bc4 Nf6 6. d3 Bg4 7. f3 Bf5 8. Be3 e6 9. Nge2 Nbd7 10. Nd4 Bg6 11. Nb3 Qe5 12. Qe2 c6 13. d4 Qd6 14. 0-0-0 Nb6 15. Bd3 Nbd5 16. Bxg6 hxg6 17. Ne4 Nxe4 18. fxe4 Nxe3 19. Qxe3 Rxh2 20. e5 Rxh1 21. exd6 Rxd1+ 22. Kxd1 Bxd6 23. c3 0-0-0 24. Kc2 Be7 25. Nd2 Rd5 26. Nf3 Ra5 27. Ne5 Rxa2 28. Nxf7 1-0

[Event "Guernsey op 41st"]
[Site "Vale"]
[Date "2015.10.18"]
[Round "1"]
[White "Bakker, Joop"]
[Black "Purdon, Colin"]
[Result "0-1"]
[WhiteElo "1899"]
[BlackElo "2042"]
[PlyCount "86"]
[EventDate "2015.10.18"]
[EventType "swiss"]
[EventRounds "7"]
[EventCountry "GCI"]
[SourceTitle "EXT 2017"]
[Source "ChessBase"]
[SourceDate "2016.10.25"]
[SourceVersion "1"]
[SourceVersionDate "2016.10.25"]
[SourceQuality "1"]

1. b4 e5 2. Bb2 Bxb4 3. Bxe5 Nf6 4. e3 Nc6 5. Bb2 d5 6. Nf3 0-0 7. Be2 Re8 8. 0-0 Bg4 9. d3 Qe7 10. Nd4 Nxd4 11. Bxd4 Bxe2 12. Qxe2 c5 13. Bb2 Ba5 14. Nd2 Bc7 15. Rfe1 Rad8 16. Nf3 b5 17. d4 c4 18. Ne5 Qd6 19. f4 Ne4 20. Rf1 f6 21. Ng4 Rd7 22. Nf2 Rde7 23. Rae1 a5 24. g3 b4 25. Nxe4 Rxe4 26. Bc1 Bb6 27. Qf2 f5 28. Rd1 a4 29. Kh1 Qc6 30. g4 fxg4 31. Qh4 Qg6 32. f5 Qf6 33. Qh5 Bd8 34. Bd2 c3 35. Be1 Qg5 36. Qxg5 Bxg5 37. a3 Bxe3 38. axb4 Bxd4 39. Rb1 Re2 40. b5 Rxc2 41. b6 Rb2 42. Rxb2 cxb2 43. Bg3 Bxb6 0-1

[Event "Guernsey op 40th"]
[Site "Vale"]
[Date "2014.10.24"]
[Round "6"]
[White "Bakker, Joop"]
[Black "Broek, Thomas"]
[Result "0-1"]
[WhiteElo "1951"]
[BlackElo "2201"]
[PlyCount "34"]
[EventDate "2014.10.19"]
[EventType "swiss"]
[EventRounds "7"]
[EventCountry "GCI"]
[SourceTitle "EXT 2016"]
[Source "ChessBase"]
[SourceDate "2015.10.08"]
[SourceVersion "1"]
[SourceVersionDate "2015.10.08"]
[SourceQuality "1"]

1. d4 Nf6 2. Nc3 d5 3. Bg5 c5 4. Bxf6 gxf6 5. e4 dxe4 6. dxc5 Qa5 7. Qh5 e6 8. 0-0-0 Nd7 9. Bb5 f5 10. Bxd7+ Bxd7 11. Nxe4 0-0-0 12. Nf6 Qxa2 13. Rxd7 Rxd7 14. Nxd7 Bg7 15. c3 Rd8 16. c6 bxc6 17. Nc5 Bh6+ 0-1

[Event "Guernsey op 40th"]
[Site "Vale"]
[Date "2014.10.21"]
[Round "3"]
[White "Bakker, Joop"]
[Black "Brown, Rowan M"]
[Result "0-1"]
[WhiteElo "1951"]
[BlackElo "2195"]
[PlyCount "60"]
[EventDate "2014.10.19"]
[EventType "swiss"]
[EventRounds "7"]
[EventCountry "GCI"]
[SourceTitle "EXT 2016"]
[Source "ChessBase"]
[SourceDate "2015.10.08"]
[SourceVersion "1"]
[SourceVersionDate "2015.10.08"]
[SourceQuality "1"]

1. d4 Nf6 2. Nc3 d6 3. e4 g6 4. Bg5 Bg7 5. e5 dxe5 6. dxe5 Qxd1+ 7. Rxd1 Nfd7 8. f4 c6 9. Nf3 Nc5 10. Nd4 Ne6 11. Nxe6 Bxe6 12. Bh4 Nd7 13. Be2 h6 14. 0-0 b5 15. Bf3 Rc8 16. a3 g5 17. fxg5 hxg5 18. Bxg5 Bxe5 19. g3 f6 20. Bd2 Kf7 21. b3 Bd4+ 22. Kh1 Rxh2+ 23. Kxh2 Rh8+ 24. Bh5+ Rxh5+ 25. Kg2 Bh3+ 26. Kf3 Ne5+ 27. Ke4 Bb6 28. g4 Rh4 29. Ne2 Bg2+ 30. Kf4 Rxg4+ 0-1

[Event "Leiden SB-chB"]
[Site "Leiden"]
[Date "2014.06.10"]
[Round "5"]
[White "Kuiper, Chiel"]
[Black "Bakker, Joop"]
[Result "0-1"]
[WhiteElo "1372"]
[BlackElo "1882"]
[PlyCount "64"]
[EventDate "2014.05.13"]
[EventType "swiss"]
[EventRounds "7"]
[EventCountry "NED"]
[SourceTitle "EXT 2015"]
[Source "ChessBase"]
[SourceDate "2014.11.20"]
[SourceVersion "1"]
[SourceVersionDate "2014.11.20"]
[SourceQuality "1"]

1. d4 d5 2. Nf3 Nc6 3. e3 Bg4 4. Be2 e6 5. a3 Nf6 6. Nbd2 Bd6 7. 0-0 0-0 8. b4 Ne4 9. Bb2 f5 10. Nxe4 fxe4 11. Ne5 Bxe2 12. Qxe2 Bxe5 13. dxe5 Qg5 14. f4 exf3 15. Rxf3 Rxf3 16. Qxf3 Rf8 17. Qg3 Qxg3 18. hxg3 Rf5 19. Rf1 Rxf1+ 20. Kxf1 Kf7 21. Kf2 Kg6 22. g4 Ne7 23. Kf3 Nc8 24. Bd4 Nb6 25. Bxb6 axb6 26. Kf4 h6 27. g3 b5 28. c3 b6 29. e4 c6 30. exd5 cxd5 31. g5 h5 32. g4 h4 0-1

[Event "Leiden SB-chB"]
[Site "Leiden"]
[Date "2014.05.20"]
[Round "2"]
[White "Bakker, Joop"]
[Black "Van der Maat, Niek"]
[Result "1/2-1/2"]
[WhiteElo "1882"]
[BlackElo "1823"]
[PlyCount "45"]
[EventDate "2014.05.13"]
[EventType "swiss"]
[EventRounds "7"]
[EventCountry "NED"]
[SourceTitle "EXT 2015"]
[Source "ChessBase"]
[SourceDate "2014.11.20"]
[SourceVersion "1"]
[SourceVersionDate "2014.11.20"]
[SourceQuality "1"]

1. d4 d5 2. Nf3 Nf6 3. e3 c6 4. Bd3 g6 5. b3 Bg7 6. Bb2 Nbd7 7. 0-0 b6 8. Nbd2 Bb7 9. c4 0-0 10. Qe2 e6 11. Ne5 Qe7 12. e4 dxe4 13. Nxe4 c5 14. Nxd7 Nxd7 15. dxc5 Bxb2 16. Qxb2 bxc5 17. f4 Rad8 18. Rad1 Bxe4 19. Bxe4 Nf6 20. Bf3 Rxd1 21. Rxd1 Rd8 22. Qe2 Ne8 23. Rd3 1/2-1/2

[Event "Guernsey op"]
[Site "Guernsey"]
[Date "2013.10.22"]
[Round "3"]
[White "Thurlow, Kevin J"]
[Black "Bakker, Joop"]
[Result "1-0"]
[WhiteElo "2016"]
[BlackElo "1971"]
[PlyCount "59"]
[EventDate "2013.10.20"]
[EventType "swiss"]
[EventRounds "7"]
[EventCountry "GCI"]
[SourceTitle "CBM 157 Extra"]
[Source "ChessBase"]
[SourceDate "2013.12.19"]
[SourceVersion "1"]
[SourceVersionDate "2013.12.19"]
[SourceQuality "1"]

1. c4 b6 2. d4 e6 3. Nc3 Bb4 4. Qc2 Bb7 5. Nf3 f5 6. d5 exd5 7. cxd5 Bxd5 8. Qxf5 Nf6 9. Bd2 Bb7 10. e3 Be7 11. e4 0-0 12. Bc4+ Kh8 13. Ng5 Qe8 14. 0-0-0 Qg6 15. Nf7+ Rxf7 16. Qxg6 hxg6 17. Bxf7 Ng4 18. Be1 Na6 19. Bxg6 Ne5 20. Bf5 d6 21. f4 Nc4 22. Rd3 Nc5 23. Rh3+ Kg8 24. Nd5 Bxd5 25. exd5 Bf6 26. Bb4 Bxb2+ 27. Kb1 Rf8 28. Bh7+ Kf7 29. Bxc5 bxc5 30. Bd3 1-0

[Event "Leiden SB-ch"]
[Site "Leiden"]
[Date "2013.06.04"]
[Round "3"]
[White "Bakker, Joop"]
[Black "Oei, Hway Ik"]
[Result "1/2-1/2"]
[WhiteElo "1990"]
[BlackElo "2093"]
[PlyCount "53"]
[EventDate "2013.05.21"]
[EventType "swiss"]
[EventRounds "7"]
[EventCountry "NED"]
[SourceTitle "EXT 2014"]
[Source "ChessBase"]
[SourceDate "2013.11.20"]
[SourceVersion "1"]
[SourceVersionDate "2013.11.20"]
[SourceQuality "1"]

1. b3 e5 2. Bb2 Nc6 3. e3 Nf6 4. Nf3 d6 5. d4 e4 6. d5 Nb8 7. Nfd2 Bf5 8. c4 Nbd7 9. Be2 h5 10. Nc3 a6 11. f3 Qe7 12. Ndxe4 Bxe4 13. Nxe4 Nxe4 14. fxe4 Qh4+ 15. Kd2 Qxe4 16. Bf3 Qg6 17. Qc2 Qxc2+ 18. Kxc2 0-0-0 19. Rae1 Re8 20. Rhf1 Ne5 21. Bd4 g6 22. Be2 Rh7 23. Bd3 Bg7 24. h3 f5 25. Bxe5 Bxe5 26. Rxf5 Rg7 27. Rf3 1/2-1/2

[Event "Leiden SB-ch"]
[Site "Leiden"]
[Date "2012.06.05"]
[Round "4"]
[White "Lauer, Albert"]
[Black "Bakker, Joop"]
[Result "1-0"]
[WhiteElo "1871"]
[BlackElo "1911"]
[PlyCount "73"]
[EventDate "2012.05.15"]
[EventType "swiss"]
[EventRounds "7"]
[EventCountry "NED"]
[SourceTitle "EXT 2018"]
[Source "ChessBase"]
[SourceDate "2017.10.13"]
[SourceVersion "1"]
[SourceVersionDate "2017.10.13"]
[SourceQuality "1"]

1. d4 d5 2. c4 c5 3. cxd5 Nf6 4. dxc5 Qxd5 5. Qxd5 Nxd5 6. e4 Nb4 7. Kd1 Be6 8. Bb5+ N8c6 9. Nf3 0-0-0+ 10. Bd2 Bxa2 11. Bxc6 Bb3+ 12. Ke2 Bc4+ 13. Kd1 Nxc6 14. Na3 Bb3+ 15. Ke2 e5 16. Rhc1 Be7 17. Nc4 Nd4+ 18. Kf1 Nxf3 19. Nd6+ Bxd6 20. cxd6+ Kb8 21. gxf3 Rxd6 22. Be3 a6 23. Rc3 Be6 24. Rac1 Rhd8 25. f4 Bh3+ 26. Ke2 f6 27. fxe5 fxe5 28. Bg5 Rc8 29. Rxh3 Re8 30. Rxh7 Rg6 31. f4 Ka7 32. Ke3 Rb6 33. Rxg7 Rb3+ 34. Kd2 Rxb2+ 35. Kc3 Rxh2 36. f5 Rg2 37. Be3+ 1-0

[Event "Guernsey op 37th"]
[Site "Guernsey"]
[Date "2011.10.21"]
[Round "6"]
[White "Bakker, Joop"]
[Black "Gravett, Alan David"]
[Result "0-1"]
[WhiteElo "1986"]
[BlackElo "1925"]
[PlyCount "66"]
[EventDate "2011.10.16"]
[EventType "swiss"]
[EventRounds "7"]
[EventCountry "GCI"]
[SourceTitle "EXT 2012"]
[Source "ChessBase"]
[SourceDate "2011.11.24"]
[SourceVersion "1"]
[SourceVersionDate "2011.11.24"]
[SourceQuality "1"]

1. b3 b6 2. Bb2 Bb7 3. e3 Nf6 4. f4 d5 5. Nf3 e6 6. Bd3 Nbd7 7. 0-0 Be7 8. Nc3 c5 9. Ne2 Qc7 10. Ng3 c4 11. Be2 Bc5 12. Ne5 c3 13. Bxc3 Bxe3+ 14. Kh1 Bxf4 15. Nxd7 Nxd7 16. Nh5 Be5 17. Nxg7+ Bxg7 18. Bxg7 Rg8 19. Bd4 e5 20. Bh5 0-0-0 21. Bf2 d4 22. Bg3 Qc6 23. Rf2 f5 24. Re2 Qh6 25. Rf2 Rg5 26. Bf3 Rxg3 27. Bxb7+ Kxb7 28. Kg1 Rg5 29. Qf3+ e4 30. Qf4 Rdg8 31. Raf1 Qg7 32. g3 Ne5 33. c3 Nd3 0-1

[Event "Guernsey op 37th"]
[Site "Guernsey"]
[Date "2011.10.17"]
[Round "2"]
[White "Bakker, Joop"]
[Black "Browing, David"]
[Result "1-0"]
[WhiteElo "1986"]
[BlackElo "1775"]
[PlyCount "59"]
[EventDate "2011.10.16"]
[EventType "swiss"]
[EventRounds "7"]
[EventCountry "GCI"]
[SourceTitle "EXT 2012"]
[Source "ChessBase"]
[SourceDate "2011.11.24"]
[SourceVersion "1"]
[SourceVersionDate "2011.11.24"]
[SourceQuality "1"]

1. b3 b6 2. Bb2 Bb7 3. c4 c5 4. e3 e6 5. Nf3 Nf6 6. d4 Nc6 7. Be2 Be7 8. 0-0 Qc7 9. Nc3 a6 10. d5 exd5 11. cxd5 Ne5 12. e4 Nxf3+ 13. Bxf3 Bd6 14. g3 h5 15. Re1 Be5 16. Na4 Bxb2 17. Nxb2 d6 18. e5 dxe5 19. d6 Qc8 20. Rxe5+ Kf8 21. Re7 Bxf3 22. Qxf3 h4 23. Rae1 hxg3 24. fxg3 Rb8 25. d7 Qc7 26. Qe2 g6 27. Qf3 Kg7 28. R1e6 Rhf8 29. Qxf6+ Kg8 30. Rxf7 1-0